Consejos profesionales y Principios de Deontología médica adoptados por "L'Association des medecins de la Gironde / (Record no. 182060)

MARC details
000 -LEADER
campo de control de longitud fija 00641nam a2200157 i 4500
001 - NÚMERO DE CONTROL
campo de control 182060
003 - IDENTIFICADOR DE NÚMERO DE CONTROL
campo de control ES-MaACL
005 - FECHA Y HORA DE LA ÚLTIMA TRANSACCIÓN
campo de control 20250806033927.0
008 - DATOS DE LONGITUD FIJA--INFORMACIÓN GENERAL
campo de control de longitud fija 130528s1898 sp |||| | spa d
245 00 - MENCIÓN DEL TÍTULO
Título Consejos profesionales y Principios de Deontología médica adoptados por "L'Association des medecins de la Gironde /
Mención de responsabilidad, etc. traducidos para uso del Sindicado médico de la provincia de Gerona.
260 ## - PUBLICACIÓN, DISTRIBUCIÓN, ETC.
Lugar de publicación, distribución, etc. Gerona :
Nombre del editor, distribuidor, etc. [s.n.],
Fecha de publicación, distribución, etc. 1898 (
Fabricante Impr. y librería de Paciano Torres)
300 ## - DESCRIPCIÓN FÍSICA
Extensión 46 p. ;
Dimensiones 24 cm.
650 #7 - PUNTO DE ACCESO ADICIONAL DE MATERIA--TÉRMINO DE MATERIA
Término de materia o nombre geográfico como elemento de entrada Ética médica
Fuente del encabezamiento o término embne
9 (RLIN) 12587
852 ## - LOCALIZACIÓN
Ubicación ES-MaACL
Número de control de estantería T-833-F-8
Nota libre .- Enc. en un vol. facticio
Holdings
Estatus retirado Estado de pérdida Estado de daño No para préstamo Colección Biblioteca de origen Biblioteca actual Ubicación en estantería Fecha de adquisición Fuente de adquisición Total de préstamos Signatura topográfica completa Código de barras Visto por última vez Precio de reemplazo Tipo de ítem Koha
        Colección de folletos Biblioteca del Ateneo de Madrid Biblioteca del Ateneo de Madrid Depósito folletos 28/05/2013     T-833-F-8 1191321 23/02/2023 23/02/2023 Folleto